<?xml version="1.0" encoding="UTF-8" ?>
<collection xmlns="http://www.loc.gov/MARC21/slim"><record><leader>00862nam a2200217 nc4500</leader><controlfield tag="001">21139</controlfield><controlfield tag="003">CH-000273-5</controlfield><controlfield tag="005">20161227150728.0</controlfield><datafield tag="035" ind1=" " ind2=" "><subfield code="a">(OCoLC)906877323</subfield></datafield><datafield tag="041" ind1=" " ind2=" "><subfield code="a">fre</subfield></datafield><datafield tag="100" ind1="1" ind2="0"><subfield code="a">Picabia, Francis </subfield><subfield code="d">1879-1953</subfield></datafield><datafield tag="245" ind1="0" ind2="0"><subfield code="a">Exposition</subfield><subfield code="b">Ausstellung Galeries Dalmau, Barcelona, 18 novembre - 8 décembre 1922</subfield><subfield code="c">préface par André Breton</subfield><subfield code="h">Ausstellungskatalog</subfield></datafield><datafield tag="260" ind1=" " ind2=" "><subfield code="a">Barcelona</subfield><subfield code="b">Galeries Dalmau</subfield><subfield code="c">1922</subfield></datafield><datafield tag="300" ind1=" " ind2=" "><subfield code="a">20 S.</subfield><subfield code="b">Ill.</subfield><subfield code="c">19 x 12,6 cm</subfield></datafield><datafield tag="510" ind1="4" ind2="0"><subfield code="a">Dada global, 1994</subfield><subfield code="c">S. 138, Nr. 16</subfield></datafield><datafield tag="600" ind1="1" ind2="4"><subfield code="a">Picabia, Francis</subfield><subfield code="d">22.01.1879 - 30.11.1953</subfield></datafield><datafield tag="651" ind1="0" ind2="4"><subfield code="a">Zürich</subfield><subfield code="x">Kunsthaus Zürich</subfield><subfield code="x">Dadaismus</subfield><subfield code="x">Sammlung</subfield></datafield><datafield tag="651" ind1="0" ind2="4"><subfield code="a">Barcelona</subfield><subfield code="x">Galeries Dalmau</subfield><subfield code="y">1922.11.18 - 1922.12.08</subfield><subfield code="v">Ausstellung</subfield></datafield><datafield tag="710" ind1="2" ind2="0"><subfield code="a">Galeries Dalmau</subfield></datafield><datafield tag="852" ind1="4" ind2="0"><subfield code="a">CH-000273-5</subfield><subfield code="c">DADA IV:8</subfield></datafield><datafield tag="856" ind1="4" ind2="1"><subfield code="u">https://digital.kunsthaus.ch/viewer/image/21139/1/</subfield><subfield code="y">Kunsthaus Zürich Sammlungen online</subfield></datafield></record></collection>